Los fisiócratas / (Record no. 80371)

MARC details
000 -LEADER
campo de control de longitud fija 01052nam a2200253 i 4500
001 - NÚMERO DE CONTROL
campo de control 80371
003 - IDENTIFICADOR DE NÚMERO DE CONTROL
campo de control ES-MaACL
005 - FECHA Y HORA DE LA ÚLTIMA TRANSACCIÓN
campo de control 20250328192102.0
007 - CAMPO FIJO DE DESCRIPCIÓN FÍSICA--INFORMACIÓN GENERAL
campo de control de longitud fija t|
008 - DATOS DE LONGITUD FIJA--INFORMACIÓN GENERAL
campo de control de longitud fija 041027s1944 mx |||| | spa d
100 1# - ENTRADA PRINCIPAL--NOMBRE DE PERSONA
Nombre de persona Higgs, Henry.
9 (RLIN) 63639
245 14 - MENCIÓN DEL TÍTULO
Título Los fisiócratas /
Mención de responsabilidad, etc. Henry Higgs ; versión española de Javier Márquez.
250 ## - MENCION DE EDICION
Mención de edición 1ª ed. en español.
260 ## - PUBLICACIÓN, DISTRIBUCIÓN, ETC.
Lugar de publicación, distribución, etc. México :
Nombre del editor, distribuidor, etc. Fondo de Cultura Económica de México,
Fecha de publicación, distribución, etc. 1944 (
Fabricante Gráf. Panamericana)
300 ## - DESCRIPCIÓN FÍSICA
Extensión 171 p. ;
Dimensiones 20 cm.
510 ## - NOTA DE CITAS O REFERENCIAS BIBLIOGRÁFICAS
Nombre de la fuente CCPB,
Localización dentro de la fuente 001342120-4<br/>
650 #4 - PUNTO DE ACCESO ADICIONAL DE MATERIA--TÉRMINO DE MATERIA
Término de materia o nombre geográfico como elemento de entrada Fisiocracia.
9 (RLIN) 158849
700 1# - ENTRADA AGREGADA--NOMBRE PERSONAL
Nombre de persona Márquez, Javier.
9 (RLIN) 77005
852 ## - LOCALIZACIÓN
Ubicación ES-MaACL
Número de control de estantería D-6283
itemnumber 83349
Sublocalización o colección R. 30370
-- R.M. 5878
Ubicación en estantería Sala Valle Inclán
Anotaciones manuscritas Anotación manuscrita en cubierta: "14"
-- Anotación manuscrita en hoja de guarda: "19.50"
Nota libre "1 DIC. 1950"
Marcas de propiedad Sello en tinta azul de la Biblioteca del Ateneo de Madrid
942 ## - ELEMENTOS DE ENTRADA SECUNDARIOS (KOHA)
Fuente del sistema de clasificación o colocación Clasificación decimal universal
Tipo de ítem Koha Libro impreso
Holdings
Estatus retirado Estado de pérdida Estado de daño No para préstamo Biblioteca de origen Biblioteca actual Ubicación en estantería Fecha de adquisición Fuente de adquisición Total de préstamos Signatura topográfica completa Código de barras Visto por última vez Precio de reemplazo Tipo de ítem Koha
        Biblioteca del Ateneo de Madrid Biblioteca del Ateneo de Madrid Sala Valle Inclán 17/01/2008     D-6283 901084031 23/02/2023 23/02/2023 Libro impreso